| 000 | 00712nam a2200181Ia 4500 | ||
|---|---|---|---|
| 003 | GCL | ||
| 008 | 140319s9999 xx 000 0 ara d | ||
| 040 |
_aGCL / _cGCL |
||
| 082 | 0 | 4 |
_a962.031 _bع ت |
| 100 | 1 | _aعبدالرحمن الرافعى | |
| 245 | 1 | 0 |
_aتاريخ الحركة القومية وتطور نظام الحكم فى مصر / _cعبدالرحمن الرافعى |
| 260 |
_aالقاهرة : _bمكتبة النهضة المصرية ، _c1930 |
||
| 300 |
_a3 مج ؛ _c24 سم |
||
| 490 | _a | ||
| 650 | 0 | 4 | _aمصر - تاريخ - العصر الحديث - عصر محمد على ( 1805- 1849 م ) |
| 650 | 0 | 4 | _aمصر - تاريخ - العصر الحديث (1805 - 1956 ) |
| 942 |
_2ddc _cBK |
||
| 999 |
_c46391 _d46391 |
||